Tour de France 2023 : Semaine 1 - Statistiques

Statistiques générales
  • Ce quiz a été pris 224 fois
  • Le résultat moyen est 12 sur 20
Statistiques - réponses
Réponse % Correct
Tadej Pogacar
98%
Jonas Vingegaard
96%
Adam Yates
95%
Simon Yates
95%
Jasper Philipsen
94%
Wout Van Aert
91%
Victor Lafay
88%
Jai Hindley
78%
Jumbo-Visma
76%
Neilson Powless
73%
Caleb Ewan
62%
Mark Cavendish
57%
Felix Gall
52%
Giulio Ciccone
43%
Phil Bauhaus
37%
Biniam Girmay
36%
Tobias Johannessen
23%
Laurent Pichon
22%
Benoit Cosnefroy
15%
Simon Guglielmi
14%
Aucun quiz correspondant
Distribution des résultats
% des personnes avec chaque résultat
Percentile par nombre de réponses
Votre historique - résultats
Vous n’avez pas pris ce quiz